[Event "Ceske Budejovice op"]
[Site "Ceske Budejovice"]
[Date "1996.??.??"]
[Round "3"]
[White "Borisov, Youzi"]
[Black "Hosticka, Frantisek"]
[Result "1/2-1/2"]
[WhiteElo "2155"]
[BlackElo "2240"]
[PlyCount "81"]
[EventDate "1996.??.??"]
[EventType "swiss"]
[EventRounds "9"]
[EventCountry "CZE"]
[SourceTitle "EXT 1998"]
[Source "ChessBase"]
[SourceDate "1997.11.17"]
[SourceVersion "1"]
[SourceVersionDate "1997.11.17"]
[SourceQuality "1"]

1. e4 a6 2. c4 e6 3. Nc3 c5 4. g3 Nc6 5. Bg2 g6 6. Nge2 Bg7 7. 0-0 Nge7 8. d3 0-0 9. Be3 Nd4 10. Rb1 Nec6 11. a3 Qa5 12. b4 cxb4 13. axb4 Qh5 14. Nxd4 Qxd1 15. Rfxd1 Nxd4 16. c5 d6 17. cxd6 Rd8 18. f4 Rxd6 19. e5 Rd8 20. Na4 Rb8 21. Kf2 b6 22. Rdc1 Bf8 23. Nxb6 Rxb6 24. Rc4 Rxb4 25. Rbxb4 Bxb4 26. Rxb4 Nb5 27. Ke2 Bd7 28. Bb6 Rc8 29. Rc4 Nc3+ 30. Kd2 Nd5 31. Bxd5 exd5 32. Rxc8+ Bxc8 33. Bc5 Bf5 34. Be7 h5 35. Kc3 Kg7 36. d4 a5 37. Kb3 Bd7 38. Ka3 Be8 39. Bd8 Kf8 40. Bxa5 Ke7 41. Kb4 1/2-1/2

[Event "Ceske Budejovice op"]
[Site "Ceske Budejovice"]
[Date "1996.??.??"]
[Round "6"]
[White "Borisov, Youzi"]
[Black "Maskova, Jana"]
[Result "1-0"]
[WhiteElo "2155"]
[BlackElo "2255"]
[PlyCount "55"]
[EventDate "1996.??.??"]
[EventType "swiss"]
[EventRounds "9"]
[EventCountry "CZE"]
[SourceTitle "EXT 2001"]
[Source "ChessBase"]
[SourceDate "2000.11.22"]
[SourceVersion "1"]
[SourceVersionDate "2000.11.22"]
[SourceQuality "1"]

1. e4 c5 2. Nc3 Nc6 3. f4 d6 4. Nf3 g6 5. Bc4 e6 6. 0-0 Bg7 7. f5 Ne5 8. fxe6 fxe6 9. Nxe5 Bxe5 10. Qf3 Nf6 11. d3 0-0 12. Bh6 Rf7 13. g4 Qe8 14. g5 Nh5 15. Qxf7+ Qxf7 16. Rxf7 Kxf7 17. Rf1+ Ke7 18. Bf8+ Kd7 19. Bb5+ Kc7 20. Rf7+ Kb8 21. Ne2 a6 22. Be8 b6 23. Rxh7 Nf4 24. Nxf4 Bxf4 25. Bxg6 Ra7 26. Rxa7 Kxa7 27. h4 d5 28. Be7 1-0